Restructuring in Europe 2008 <a> review of EU action to anticipate and manage employment change
Uložené v:
| Korporativný autor: | |
|---|---|
| Médium: | Kniha |
| Jazyk: | English |
| Vydavateľské údaje: |
Luxembourg
Office for Official Publications of the European Communities
2009
|
| Predmet: | |
| Tagy: |
Žiadne tagy, Buďte prvý, kto otaguje tento záznam!
|
MARC
| LEADER | 00000nam a2200000 4500 | ||
|---|---|---|---|
| 001 | 0128738 | ||
| 005 | 20240318114631.5 | ||
| 020 | |a 978-92-79-10570-8 | ||
| 041 | 0 | |a eng | |
| 044 | |a LU | ||
| 245 | 1 | 0 | |a Restructuring in Europe 2008 |b <a> review of EU action to anticipate and manage employment change |
| 264 | 1 | |a Luxembourg |b Office for Official Publications of the European Communities |c 2009 | |
| 300 | |a 184 s. | ||
| 610 | 2 | 0 | |a globalizácia |
| 610 | 2 | 0 | |a ekonomika vedomostná |
| 610 | 2 | 0 | |a miesta pracovné |
| 610 | 2 | 0 | |a firmy |
| 610 | 2 | 0 | |a reštrukturalizácia |
| 610 | 2 | 0 | |a inovácia |
| 610 | 2 | 0 | |a riadenie zmien |
| 610 | 2 | 0 | |a zmeny pomeru pracovného |
| 610 | 2 | 0 | |a práca |
| 610 | 2 | 0 | |a legislatíva |
| 610 | 2 | 0 | |a spoločnosti nadnárodné |
| 610 | 2 | 0 | |a fondy štruktúrne |
| 610 | 2 | 0 | |a dialóg sociálny |
| 610 | 2 | 0 | |a koordinácia |
| 610 | 2 | 0 | |a konkurencieschopnosť |
| 610 | 2 | 0 | |a Európska únia |
| 710 | 2 | |a European Commission. Directorate-General for Employment, Social Affairs and Equal Opportunities | |